[Event "Sterling Cherry Blossom op 12th"]
[Site "Sterling"]
[Date "2025.05.25"]
[Round "6"]
[White "Wright, James Douglas"]
[Black "Liu, Steven1"]
[Result "0-1"]
[WhiteElo "1964"]
[BlackElo "1900"]
[PlyCount "120"]
[EventDate "2025.05.22"]
[EventType "swiss"]
[EventRounds "9"]
[EventCountry "USA"]
[SourceTitle "CB22_2025"]
[SourceDate "2025.05.28"]
[SourceVersion "1"]
[SourceVersionDate "2025.05.28"]
[SourceQuality "1"]

1. d4 Nf6 2. Nf3 e6 3. g3 b6 4. Bg2 Bb7 5. 0-0 Be7 6. c4 0-0 7. Nc3 Ne4 8. Bd2 f5 9. d5 Bf6 10. Qc2 Bxc3 11. Bxc3 exd5 12. Nd2 Qe7 13. Rad1 dxc4 14. Nxc4 Na6 15. Ne3 Rad8 16. Nd5 Bxd5 17. Rxd5 Nxc3 18. bxc3 Nc5 19. Rfd1 c6 20. R5d4 Kh8 21. Qd2 d5 22. e3 Ne6 23. Rd3 Qf6 24. h4 b5 25. Qb2 Nc5 26. Rd4 Na4 27. Qa3 Qd6 28. Qb3 Nb6 29. Rf4 a5 30. Qc2 Qe5 31. Bh3 Na4 32. Rc1 g6 33. h5 Nc5 34. hxg6 hxg6 35. Rh4+ Kg7 36. Bg2 Rh8 37. Rxh8 Rxh8 38. Qd2 Ne4 39. Qd4 Qxd4 40. cxd4 Rc8 41. Bxe4 fxe4 42. f3 exf3 43. Kf2 Kf6 44. Kxf3 Ke6 45. e4 dxe4+ 46. Kxe4 Kd6 47. Rf1 Re8+ 48. Kd3 Re6 49. Rf8 c5 50. dxc5+ Kxc5 51. a3 b4 52. axb4+ axb4 53. Rb8 Rd6+ 54. Kc2 Rb6 55. Rc8+ Kd5 56. Kb3 Ke4 57. Rf8 Rb5 58. Rf4+ Ke3 59. Rg4 g5 60. Kc4 Re5 0-1

[Event "Sterling Cherry Blossom op 12th"]
[Site "Sterling"]
[Date "2025.05.24"]
[Round "5"]
[White "Yagiz, Bora"]
[Black "Wright, James Douglas"]
[Result "0-1"]
[WhiteElo "1898"]
[BlackElo "1964"]
[PlyCount "70"]
[EventDate "2025.05.22"]
[EventType "swiss"]
[EventRounds "9"]
[EventCountry "USA"]
[SourceTitle "CB22_2025"]
[SourceDate "2025.05.28"]
[SourceVersion "1"]
[SourceVersionDate "2025.05.28"]
[SourceQuality "1"]

1. e4 c6 2. d4 d5 3. Nd2 dxe4 4. Nxe4 Nf6 5. Nxf6+ exf6 6. c3 Bd6 7. Bd3 0-0 8. Ne2 Re8 9. 0-0 Nd7 10. Be3 Qc7 11. h3 h5 12. Qd2 g6 13. Rac1 f5 14. c4 Nf6 15. c5 Bf8 16. Nc3 Be6 17. b4 Qd7 18. Bb1 Bd5 19. f3 Bg7 20. Rfe1 Be6 21. Bf4 Nd5 22. Ne2 Nxf4 23. Qxf4 Kh7 24. Qh4 Bh6 25. f4 Kg8 26. Qf2 Bg7 27. Red1 Rad8 28. Rd2 Bf6 29. Kh2 h4 30. Rcd1 Qc7 31. Kh1 Bc4 32. Bd3 Bd5 33. Bc2 Qe7 34. Kg1 Bc4 35. Bd3 Bxd3 0-1

[Event "Sterling Cherry Blossom op 12th"]
[Site "Sterling"]
[Date "2025.05.23"]
[Round "2"]
[White "Aravindakshan, Sahana"]
[Black "Wright, James Douglas"]
[Result "1/2-1/2"]
[WhiteElo "2093"]
[BlackElo "1964"]
[PlyCount "100"]
[EventDate "2025.05.22"]
[EventType "swiss"]
[EventRounds "9"]
[EventCountry "USA"]
[SourceTitle "CB22_2025"]
[SourceDate "2025.05.28"]
[SourceVersion "1"]
[SourceVersionDate "2025.05.28"]
[SourceQuality "1"]

1. d4 Nf6 2. c4 e6 3. Nc3 Bb4 4. e3 0-0 5. Bd3 d5 6. a3 Bxc3+ 7. bxc3 dxc4 8. Bxc4 c5 9. Nf3 Qc7 10. Be2 Nc6 11. 0-0 Rd8 12. Bb2 e5 13. Qc2 Bg4 14. dxe5 Nxe5 15. c4 Nxf3+ 16. Bxf3 Bxf3 17. gxf3 Qc6 18. Qf5 Ne8 19. Kh1 Rd6 20. Be5 Rg6 21. Rad1 Nd6 22. Bxd6 Rxd6 23. Rd5 Rad8 24. Rxc5 Qa4 25. Rc7 Rf6 26. Qd5 Rf8 27. Rxb7 Qxa3 28. c5 Qa6 29. Rfb1 Qe2 30. Rb8 g6 31. f4 Qxf2 32. R8b3 Rf5 33. Qg2 Qxg2+ 34. Kxg2 Rxc5 35. Rb7 Re8 36. Rxa7 Rxe3 37. Rb2 Re4 38. Kf3 Rec4 39. Kg3 Rc3+ 40. Kg2 Rc2+ 41. Rxc2 Rxc2+ 42. Kg3 Rc3+ 43. Kg2 Kg7 44. Ra6 h6 45. h4 Re3 46. Rb6 Re6 47. Rb5 Kf6 48. Kf3 Rc6 49. Re5 Rc3+ 50. Kg2 h5 1/2-1/2

[Event "Sterling Cherry Blossom op 12th"]
[Site "Sterling"]
[Date "2025.05.23"]
[Round "3"]
[White "Hebbar, Eshaan"]
[Black "Wright, James Douglas"]
[Result "1-0"]
[WhiteElo "2183"]
[BlackElo "1964"]
[PlyCount "81"]
[EventDate "2025.05.22"]
[EventType "swiss"]
[EventRounds "9"]
[EventCountry "USA"]
[SourceTitle "CB22_2025"]
[SourceDate "2025.05.28"]
[SourceVersion "1"]
[SourceVersionDate "2025.05.28"]
[SourceQuality "1"]

1. d4 Nf6 2. c4 e6 3. Nf3 b6 4. g3 Bb7 5. Bg2 Be7 6. 0-0 0-0 7. Nc3 Ne4 8. Qc2 Nxc3 9. Qxc3 d6 10. Re1 Nd7 11. e4 a5 12. Qc2 e5 13. b3 Bf6 14. Bb2 Qe7 15. Rad1 Rae8 16. a3 g6 17. b4 axb4 18. axb4 Bg7 19. dxe5 dxe5 20. Qa4 Rd8 21. Qa7 Rb8 22. Bh3 f5 23. Nh4 Nf6 24. exf5 g5 25. Bxe5 gxh4 26. Bd6 Qf7 27. Bxf8 Qxf8 28. c5 hxg3 29. hxg3 bxc5 30. bxc5 Bd5 31. Re5 Rb7 32. Qa6 Bf3 33. Rde1 Rb8 34. Re7 Nd5 35. Qe6+ Kh8 36. Rf7 Qd8 37. Bf1 Nf6 38. Bc4 Bh5 39. Re7 Rb2 40. g4 Rxf2 41. gxh5 1-0

[Event "Steling Colonial op 6th"]
[Site "Sterlig"]
[Date "2025.04.18"]
[Round "3"]
[White "Wright, James Douglas"]
[Black "He, Justin Shandong"]
[Result "1-0"]
[WhiteElo "1978"]
[BlackElo "1815"]
[PlyCount "35"]
[EventDate "2025.04.17"]
[EventType "swiss"]
[EventRounds "7"]
[EventCountry "USA"]
[SourceTitle "CB17_2025"]
[SourceDate "2025.04.23"]
[SourceVersion "1"]
[SourceVersionDate "2025.04.23"]
[SourceQuality "1"]

1. d4 Nf6 2. Nf3 e6 3. g3 c5 4. Bg2 Nc6 5. 0-0 d5 6. c4 dxc4 7. Ne5 Nxe5 8. dxe5 Qxd1 9. Rxd1 Nd7 10. Na3 Nxe5 11. Bf4 Nc6 12. Nb5 Ke7 13. Nc7 Rb8 14. Bd6+ Kf6 15. Ne8+ Kg6 16. Bxb8 Nxb8 17. Rd8 Bd7 18. Rxb8 1-0

[Event "Steling Colonial op 6th"]
[Site "Sterlig"]
[Date "2025.04.17"]
[Round "1"]
[White "Wright, James Douglas"]
[Black "Xiang, Grayson"]
[Result "1-0"]
[WhiteElo "1978"]
[BlackElo "1695"]
[PlyCount "65"]
[EventDate "2025.04.17"]
[EventType "swiss"]
[EventRounds "7"]
[EventCountry "USA"]
[SourceTitle "CB17_2025"]
[SourceDate "2025.04.23"]
[SourceVersion "1"]
[SourceVersionDate "2025.04.23"]
[SourceQuality "1"]

1. d4 d5 2. Nf3 Nf6 3. g3 e6 4. Bg2 Be7 5. 0-0 Ne4 6. c4 f5 7. Nbd2 Nc6 8. Qc2 g5 9. e3 g4 10. Ne5 Nxe5 11. dxe5 h5 12. Rd1 Ng5 13. cxd5 exd5 14. e4 fxe4 15. Nxe4 Nxe4 16. Bxe4 Be6 17. Bxd5 Bxd5 18. Qg6+ Bf7 19. Rxd8+ Rxd8 20. Qc2 c6 21. Bf4 Rg8 22. a3 Be6 23. Qh7 Bf7 24. Re1 Kf8 25. Bh6+ Ke8 26. e6 Bxe6 27. Rxe6 Rd1+ 28. Kg2 Kd7 29. Rxe7+ Kd8 30. Rxb7 Rg1+ 31. Kxg1 Rg7 32. Qxg7 h4 33. Qd7# 1-0